Online Catalogue and eLibrary

Rural Women in South Asia (Record no. 2478)

MARC details
000 -LEADER
fixed length control field 00442nam a2200181Ia 4500
005 - DATE AND TIME OF LATEST TRANSACTION
control field 20241218061002.0
008 - FIXED-LENGTH DATA ELEMENTS--GENERAL INFORMATION
fixed length control field 240331s9999 xx 000 0 und d
020 ## - INTERNATIONAL STANDARD BOOK NUMBER
ISBN 8131600955
082 ## - DDC Classification
Item Number - Author Mark JAY
DDC Edition Number 5763
Class No. 305
245 #0 - TITLE STATEMENT
Title Rural Women in South Asia
260 ## - PUBLICATION, DISTRIBUTION, ETC.
Place of publication, distribution, etc. Jaipur
Name of publisher, distributor, etc. Rawat Publications
Date of publication, distribution, etc. 2007
300 ## - PHYSICAL DESCRIPTION
Extent (e.g. Volumes, Pages etc.) x, 294 p.,
650 ## - SUBJECT ADDED ENTRY--TOPICAL TERM
Topical term or geographic name entry element Women
650 ## - SUBJECT ADDED ENTRY--TOPICAL TERM
Topical term or geographic name entry element Rural
700 ## - ADDED ENTRY--PERSONAL NAME
Personal name Arunachalam, J
Relator term (Role) Editor
700 ## - ADDED ENTRY--PERSONAL NAME
Personal name Kalpagam, U
Relator term (Role) Editor
942 ## - Koha item type (Biblio)
Koha item type Books in Stacks (Lending)
Holdings
Lost status Damaged status Collection code Home library Current library Shelving location Date acquired Full call number Accession Number Item type
    Lending WERC Library WERC Library Social Science Cupboard 03/31/2024 305 RUR 5763 Books in Stacks (Lending)

© WERC Library